Statistics for Island Countries that Start with Letter S

Click here to take the quiz!

General Stats

  • This quiz has been taken 94 times
  • The average score is 8 of 9

Answer Stats

Country% Correct
St. Kitts and Nevis
95%
St. Vincent and the Grenadines
93%
Seychelles
91%
Solomon Islands
91%
St. Lucia
91%
Samoa
90%
Sao Tome and Principe
89%
Sri Lanka
83%
Singapore
82%

Score Distribution

Percentile by Number Answered

Percent of People with Each Score

Your Score History

You have not taken this quiz